000 00410cam a2200169ua 4500
020 _c10.00
041 _aeng
_h
082 _a823.308
_bDIC/LI
100 _aDickens, Charles .
245 _aLittle dorrit /
_cCharles Dickens.
_hTextual Documents
260 _aLondon :
_bJ M Dent and Sons Ltd ,
_c1961.
300 _a800 ; .
365 _a10.00
504 _a
942 _cBK
999 _c8874
_d8874